| 000 | 01056nam a2200253 a 4500 | ||
|---|---|---|---|
| 001 | BRL_952 | ||
| 005 | 20190320210952.0 | ||
| 008 | 281013s1945----mx-a######---#000-0#spa-# | ||
| 041 | _aspa | ||
| 044 | _amx | ||
| 050 | 4 |
_aE98.A7 _b.C68 1945 |
|
| 100 | 1 |
_aCovarrubias, Miguel _d1904-1957 _918339 |
|
| 245 | 1 | 0 |
_aEl Arte Indígena de Norteamérica _bexposicion celebrada en el Museo Nacional de Antropologia del 20 de marzo al 20 de abril de 1945 _ceditado por Miguel Covarrubias y Daniel F. Rubin de la Borbolla ; con una introducción de Rene D´Harnoncourt. |
| 260 |
_aMéxico _bFondo de Cultura Econoìmica _c1945 |
||
| 300 |
_a103 p. _bil. (algunas a color) _c31 cm. |
||
| 500 | _aAu994 | ||
| 650 | 1 | 4 |
_aArte indígena _zAmérica del Norte _925201 |
| 700 | 1 |
_aRubin de la Borbolla, Daniel Fernando _eed. _925427 |
|
| 710 | 2 |
_aInstituto Nacional de Antropología e Historia (México) _925428 |
|
| 710 | 2 |
_aInstituto Mexicano Norteamericano de Relaciones Culturales _925429 |
|
| 710 | 2 |
_aSmithsonian Institution _913209 |
|
| 902 | _aGRL | ||
| 942 |
_2lcc _cB |
||
| 999 |
_c9764 _d9764 |
||